| 000 | 00689nam a2200217 a 4500 | ||
|---|---|---|---|
| 001 | 14847 | ||
| 003 | BD-RjUL | ||
| 005 | 20211208235713.0 | ||
| 008 | 170511s1961 nyua 001 0 eng d | ||
| 035 | _a(BD-RjUL)14901 | ||
| 040 |
_aDLC _cBD-RjUL _dBD-RjUL _dDLC _beng |
||
| 041 | _aeng | ||
| 082 |
_a547.2 _bTHS 1961 _223 |
||
| 245 | 1 | 0 |
_aSynthetic methods of organic chemistry / _cW. Theilheimer |
| 260 |
_aNew York : _bInterscience Publishers, _c1961. |
||
| 300 |
_av. : _bill. ; _c24 cm. |
||
| 500 | _aIncludes Index. | ||
| 505 | 0 | _aVol. 5 -- V. 6 -- V. 7 -- V. 8 -- V. 9 -- V.10 --V. 12 -- V. 13 -- V. 14 -- V. 15-- | |
| 650 | 0 |
_aOrganic compounds _xSynthesis. _946214 |
|
| 942 |
_2ddc _cBK |
||
| 999 |
_c14847 _d14847 |
||